00853naa a22001817a 45000010005000000030009000050050017000140080041000310400021000720410008000931000141001012450093002426550030003357000143003657730135005089420013006439990015006569652KOSZ 00520180430104859.0160302b1998 pl ||||| |||| 10| 0 eng  cBPKdKOSZ 005/EG aeng1 aWAWRYN, Krzysztof.d1996 - .bPolitechnika Koszalińska - Wydział Elektroniki,cKatedra Systemów Cyfrowego Przetwarzania Sygnałów10aCurrent mode approach to Sigma-Delta modulators /cKrzysztof Wawryn, Robert Suszyński. 0aMateriały konferencyjne.1 aSUSZYŃSKI, Robert.bPolitechnika Koszalińska - Wydział Elektroniki,cKatedra Systemów Cyfrowego Przetwarzania Sygnałówd1996 - .0 iW :t ISCAS '98 - Proceedings of the 1998 IEEE International Symposium on Circuits and Systems. -dMonterey, California, USA, 1998 cROZ2UKD c9652d9652